Fernán Caballero / (Record no. 108788)
[ view plain ]
| 000 -LEADER | |
|---|---|
| campo de control de longitud fija | 00480nam a2200169 i 4500 |
| 001 - NÚMERO DE CONTROL | |
| campo de control | 108788 |
| 003 - IDENTIFICADOR DE NÚMERO DE CONTROL | |
| campo de control | ES-MaACL |
| 005 - FECHA Y HORA DE LA ÚLTIMA TRANSACCIÓN | |
| campo de control | 20230906184717.0 |
| 007 - CAMPO FIJO DE DESCRIPCIÓN FÍSICA--INFORMACIÓN GENERAL | |
| campo de control de longitud fija | t| |
| 008 - DATOS DE LONGITUD FIJA--INFORMACIÓN GENERAL | |
| campo de control de longitud fija | 061121s1969 sp r ||||1| spa d |
| 100 1# - ENTRADA PRINCIPAL--NOMBRE DE PERSONA | |
| Nombre de persona | Montoto, Santiago. |
| 9 (RLIN) | 82701 |
| 245 10 - MENCIÓN DEL TÍTULO | |
| Título | Fernán Caballero / |
| Mención de responsabilidad, etc. | Santiago Montoto. |
| 260 ## - PUBLICACIÓN, DISTRIBUCIÓN, ETC. | |
| Lugar de publicación, distribución, etc. | Sevilla : |
| Nombre del editor, distribuidor, etc. | [s.n.], |
| Fecha de publicación, distribución, etc. | 1969 ( |
| Fabricante | Gráf. Sur) |
| 300 ## - DESCRIPCIÓN FÍSICA | |
| Extensión | 402 p. 15 lám. ; |
| Dimensiones | 22 cm. |
| 600 04 - PUNTO DE ACCESO ADICIONAL DE MATERIA--NOMBRE DE PERSONA | |
| Nombre de persona | Caballero, Fernán. |
| 9 (RLIN) | 33079 |
| 852 ## - LOCALIZACIÓN | |
| Ubicación | ES-MaACL |
| Número de control de estantería | C-38770 |
| Sublocalización o colección | R.69608 |
| Estatus retirado | Estado de pérdida | Estado de daño | No para préstamo | Biblioteca de origen | Biblioteca actual | Ubicación en estantería | Fecha de adquisición | Fuente de adquisición | Total de préstamos | Signatura topográfica completa | Código de barras | Visto por última vez | Precio de reemplazo | Tipo de ítem Koha |
|---|---|---|---|---|---|---|---|---|---|---|---|---|---|---|
| Biblioteca del Ateneo de Madrid | Biblioteca del Ateneo de Madrid | Depósito 2 | 17/01/2008 | C-38770 | 1113514 | 23/02/2023 | 23/02/2023 | Libro impreso |
